Missing Word: World War II (A-Z) Quiz Stats

Quiz Updated Feb 26, 2016

Challenge
Share
Tweet
Embed
Score 0/26 Timer 04:00
3 Plays Today
Hint Missing % Correct
Adolf _____Hitler
97.2%
_____ D. RooseveltFranklin
95.2%
_____ ChurchillWinston
94.2%
_____ EisenhowerDwight
94%
Joseph _____Stalin
90%
Hiroshima and _____Nagasaki
89.9%
Battle of Iwo _____Jima
89.6%
Third _____Reich
89%
Benito _____Mussolini
86.4%
Demilitarized _____Zone
85.2%
_____ PowersAxis
84.5%
Nuremberg _____Trials
80.8%
_____ of NormandyInvasion
72.2%
Hint Missing % Correct
_____ BraunEva
71.5%
_____ ConferenceYalta
64.9%
Chiang _____-ShekKai
64.2%
Maginot _____Line
60.3%
_____ BarbarossaOperation
57.4%
_____ FranceVichy
47.3%
Marshall _____Plan
46.8%
_____-BelsenBergen
40.5%
Operation Market _____Garden
40.4%
Battle of Monte _____Cassino
32.1%
Warsaw _____Uprising
30.4%
Vidkun _____Quisling
22.3%
Battle of _____ (in China)Xinkou
2.8%

Today's Daily Dose

You're not logged in!

Compare scores with friends on all Sporcle quizzes.
Join for Free
OR
Log In

You Might Also Like...

Show Comments

Extras

Top Quizzes Today


Score Distribution

Your Account Isn't Verified!

In order to create a playlist on Sporcle, you need to verify the email address you used during registration. Go to your Sporcle Settings to finish the process.

Report this User

Report this user for behavior that violates our Community Guidelines.

Details: